[Event "FIDE Candidates 2024"]
[Site "Toronto CAN"]
[Date "2024.04.04"]
[Round "1.1"]
[White "Caruana, Fabiano"]
[Black "Nakamura, Hikaru"]
[Result "1/2-1/2"]
[WhiteTitle "GM"]
[BlackTitle "GM"]
[WhiteElo "2803"]
[BlackElo "2789"]
[WhiteFideId "2020009"]
[BlackFideId "2016192"]
[EventDate "2024.04.04"]

1. e4 c5 2. Nf3 d6 3. d4 cxd4 4. Nxd4 Nf6 5. Nc3 e5 6. Bb5+ Nbd7 7. Nf5 a6 8.
Ba4 b5 9. Bb3 Nc5 10. Bg5 Bxf5 11. exf5 Be7 12. Bxf6 Bxf6 13. O-O e4 14. Nxe4
Nxe4 15. Re1 O-O 16. Rxe4 Bxb2 17. Rb1 Bf6 18. Qd5 Rc8 19. Qb7 Rc5 20. Qxa6 Rxf5
21. Rd1 d5 22. Rb4 Bc3 23. Rxb5 Rxf2 24. Rbxd5 Qh4 25. Qd3 Rf6 26. g3 Qb4 27.
Kg2 Bb2 28. Rf5 g6 29. Rxf6 Bxf6 30. Qf3 Qe7 31. a4 Kg7 32. a5 Ra8 33. Rd5 Ra7
34. Rb5 Qd8 35. Rd5 Qc7 36. h4 Rxa5 37. Rxa5 Qxa5 38. Qb7 Qd8 39. Qxf7+ Kh6 40.
Kh3 Qe7 41. Qc4 Qe3 1/2-1/2

[Event "FIDE Candidates 2024"]
[Site "Toronto CAN"]
[Date "2024.04.04"]
[Round "1.3"]
[White "Firouzja, Alireza"]
[Black "Praggnanandhaa, R"]
[Result "1/2-1/2"]
[WhiteTitle "GM"]
[BlackTitle "GM"]
[WhiteElo "2760"]
[BlackElo "2747"]
[WhiteFideId "12573981"]
[BlackFideId "25059530"]
[EventDate "2024.04.04"]

1. e4 e5 2. Nf3 Nc6 3. Bb5 a6 4. Ba4 Nf6 5. O-O Nxe4 6. d4 b5 7. Bb3 d5 8. dxe5
Be6 9. c3 Be7 10. Bc2 Bg4 11. Qe1 Nc5 12. Nbd2 Ne6 13. Kh1 Bh5 14. Nb3 Bxf3 15.
gxf3 Bg5 16. Rg1 Bxc1 17. Nxc1 Qh4 18. Rg4 Qh5 19. Nd3 O-O 20. Qe2 f5 21. exf6
Rxf6 22. f4 Rh6 23. f3 Rf8 24. Qf2 Rff6 25. Re1 Qf7 26. Qg3 Rh5 27. a4 Rfh6 28.
Re2 Rh3 29. Qe1 Rxf3 30. Nc5 Qh5 31. Nxe6 Qxg4 32. Ng5 Ne5 33. Rxe5 Rxh2+ 34.
Kxh2 Qh5+ 35. Kg2 Qg4+ 36. Kh1 Qh5+ 37. Kg2 Qg4+ 38. Kh1 Qh5+ 39. Kg2 1/2-1/2

[Event "FIDE Candidates 2024"]
[Site "Toronto CAN"]
[Date "2024.04.04"]
[Round "1.4"]
[White "Gukesh, D"]
[Black "Vidit, Santosh Gujrathi"]
[Result "1/2-1/2"]
[WhiteTitle "GM"]
[BlackTitle "GM"]
[WhiteElo "2743"]
[BlackElo "2727"]
[WhiteFideId "46616543"]
[BlackFideId "5029465"]
[EventDate "2024.04.04"]

1. d4 d5 2. c4 e6 3. Nc3 c5 4. e3 Nf6 5. Nf3 Nc6 6. a3 a6 7. dxc5 Bxc5 8. b4 Bd6
9. Ra2 Ne5 10. Rd2 Nxf3+ 11. gxf3 O-O 12. Bb2 a5 13. cxd5 e5 14. Nb5 axb4 15.
Nxd6 Qxd6 16. axb4 Qxb4 17. Qc2 Bg4 18. Bc3 Qa3 19. Bb2 Qb4 20. Bc3 Qa3 21. Bb2
Qb4 1/2-1/2

[Event "FIDE Candidates 2024"]
[Site "Toronto CAN"]
[Date "2024.04.05"]
[Round "2.1"]
[White "Praggnanandhaa, R"]
[Black "Gukesh, D"]
[Result "0-1"]
[WhiteTitle "GM"]
[BlackTitle "GM"]
[WhiteElo "2747"]
[BlackElo "2743"]
[WhiteFideId "25059530"]
[BlackFideId "46616543"]
[EventDate "2024.04.04"]

1. d4 d5 2. c4 e6 3. Nf3 Nf6 4. g3 Bb4+ 5. Nc3 dxc4 6. Bg2 O-O 7. O-O Nc6 8. a3
Be7 9. e4 a6 10. Be3 b5 11. Qe2 Bb7 12. Rad1 Na5 13. d5 exd5 14. e5 Ne8 15. e6
f5 16. Ne5 Nf6 17. Qc2 c6 18. Qxf5 Qe8 19. Nf7 Bc8 20. Rfe1 Nb7 21. Bg5 Ra7 22.
Bxf6 Bxf6 23. Bxd5 cxd5 24. Nxd5 Be7 25. Qg4 Nd8 26. Nxd8 Bxd8 27. Qd4 Rb7 28.
Re4 Bf6 29. Qe3 Be7 30. h4 Qc6 31. h5 Bc5 32. Qg5 Bxe6 33. h6 Rxf2 0-1

[Event "FIDE Candidates 2024"]
[Site "Toronto CAN"]
[Date "2024.04.05"]
[Round "2.2"]
[White "Nakamura, Hikaru"]
[Black "Vidit, Santosh Gujrathi"]
[Result "0-1"]
[WhiteTitle "GM"]
[BlackTitle "GM"]
[WhiteElo "2789"]
[BlackElo "2727"]
[WhiteFideId "2016192"]
[BlackFideId "5029465"]
[EventDate "2024.04.04"]

1. e4 e5 2. Nf3 Nc6 3. Bb5 Nf6 4. d3 Bc5 5. c3 O-O 6. O-O d6 7. h3 Ne7 8. d4 c6
9. Bd3 Bb6 10. dxe5 dxe5 11. Nxe5 Bxh3 12. Nc4 Bg4 13. Qc2 Bc7 14. e5 Nd7 15.
Bxh7+ Kh8 16. Bd3 b5 17. Ne3 Nxe5 18. Be2 f5 19. f4 Bb6 20. Kf2 Nd5 21. Rh1+ Kg8
22. fxe5 Qg5 23. Ke1 Bxe3 24. Bxg4 Qxg4 25. Bxe3 Nxe3 26. Qe2 Qg3+ 27. Kd2 Rad8+
28. Kc1 Qg5 29. b3 Nf1+ 0-1

[Event "FIDE Candidates 2024"]
[Site "Toronto CAN"]
[Date "2024.04.05"]
[Round "2.4"]
[White "Caruana, Fabiano"]
[Black "Abasov, Nijat"]
[Result "1-0"]
[WhiteTitle "GM"]
[BlackTitle "GM"]
[WhiteElo "2803"]
[BlackElo "2632"]
[WhiteFideId "2020009"]
[BlackFideId "13402960"]
[EventDate "2024.04.04"]

1. e4 c5 2. Nf3 Nc6 3. Bb5 e5 4. O-O Bd6 5. d3 Nf6 6. Nc3 O-O 7. h3 a6 8. Bxc6
dxc6 9. Nh4 Re8 10. Qf3 g6 11. Bg5 Be7 12. Qe3 Nh5 13. Bxe7 Qxe7 14. Nf3 b6 15.
a3 b5 16. Ne2 f6 17. Nd2 Be6 18. f4 Nxf4 19. Nxf4 exf4 20. Rxf4 Rad8 21. Qf2 Rf8
22. Rf1 Kg7 23. b4 cxb4 24. axb4 Ra8 25. Kh1 a5 26. bxa5 c5 27. Ra1 Ra6 28. e5
f5 29. c4 bxc4 30. dxc4 Rfa8 31. Nb3 g5 32. Qg3 h6 33. Rf2 Bxc4 34. Rxf5 Bxb3
35. Qxb3 Rxa5 36. Raf1 Kh8 37. Rf7 1-0

[Event "FIDE Candidates 2024"]
[Site "Toronto CAN"]
[Date "2024.04.06"]
[Round "3.1"]
[White "Gukesh, D"]
[Black "Nepomniachtchi, Ian"]
[Result "1/2-1/2"]
[WhiteTitle "GM"]
[BlackTitle "GM"]
[WhiteElo "2743"]
[BlackElo "2758"]
[WhiteFideId "46616543"]
[BlackFideId "4168119"]
[EventDate "2024.04.04"]

1. d4 Nf6 2. c4 e6 3. g3 d5 4. Bg2 c5 5. cxd5 Nxd5 6. Nf3 cxd4 7. O-O Bc5 8.
Nxd4 O-O 9. Nb3 Be7 10. e4 Nb4 11. Nc3 N8c6 12. Be3 Qxd1 13. Raxd1 Ne5 14. a3
Nbc6 15. f4 Nc4 16. Bc1 f6 17. Rfe1 Rb8 18. Bf1 Nd6 19. Nb5 Nxb5 20. Bxb5 Kf7
21. Be3 a6 22. Be2 b5 23. Nc5 Rd8 24. Rxd8 Bxd8 25. Rc1 Bb6 26. Kf2 Bxc5 27.
Bxc5 Bb7 28. Ke3 Rd8 29. Bb6 Rd7 30. Rd1 Rxd1 31. Bxd1 g6 32. Bc5 h5 33. b3 Bc8
34. a4 e5 35. axb5 axb5 36. f5 Kg7 37. fxg6 Bg4 38. Bc2 Be6 39. Kd2 b4 40. Bd1
Kxg6 1/2-1/2

[Event "FIDE Candidates 2024"]
[Site "Toronto CAN"]
[Date "2024.04.06"]
[Round "3.3"]
[White "Firouzja, Alireza"]
[Black "Caruana, Fabiano"]
[Result "1/2-1/2"]
[WhiteTitle "GM"]
[BlackTitle "GM"]
[WhiteElo "2760"]
[BlackElo "2803"]
[WhiteFideId "12573981"]
[BlackFideId "2020009"]
[EventDate "2024.04.04"]

1. e4 c5 2. Nf3 Nc6 3. Bb5 Nf6 4. Nc3 Nd4 5. e5 Nxb5 6. Nxb5 Nd5 7. c4 Nc7 8.
Nc3 d5 9. exd6 exd6 10. d4 Be7 11. O-O O-O 12. Bf4 Ne6 13. Be3 Nc7 14. h3 Bf5
15. Re1 Re8 16. Qd2 d5 17. cxd5 c4 18. Bf4 Nxd5 19. Re5 Nxc3 20. Qxc3 Qd7 21.
Qxc4 Rac8 22. Qb5 Qxb5 23. Rxb5 Be4 24. d5 a6 25. Rxb7 Bxd5 26. Rd7 Be6 27. Ra7
Ra8 28. Rxa8 Rxa8 29. a3 h6 30. Re1 Rd8 31. Be5 Rd5 32. Bc3 Bc5 33. Ne5 Kh7 34.
Nf3 Bd7 35. Re5 Rd1+ 36. Re1 Rd5 37. Re5 Rd1+ 38. Re1 Rd5 1/2-1/2

[Event "FIDE Candidates 2024"]
[Site "Toronto CAN"]
[Date "2024.04.06"]
[Round "3.4"]
[White "Vidit, Santosh Gujrathi"]
[Black "Praggnanandhaa, R"]
[Result "0-1"]
[WhiteTitle "GM"]
[BlackTitle "GM"]
[WhiteElo "2727"]
[BlackElo "2747"]
[WhiteFideId "5029465"]
[BlackFideId "25059530"]
[EventDate "2024.04.04"]

1. e4 e5 2. Nf3 Nc6 3. Bb5 a6 4. Ba4 f5 5. d4 exd4 6. e5 b5 7. Bb3 Na5 8. Nxd4
Bb7 9. Nxf5 Nxb3 10. axb3 d6 11. Qe2 Qd7 12. e6 Qc6 13. Bg5 g6 14. Ne3 h6 15.
Bf4 Ne7 16. c4 b4 17. Qg4 Qc5 18. O-O Bg7 19. Nd2 O-O-O 20. h4 Rde8 21. Rad1
Bxb2 22. Nd5 Nxd5 23. cxd5 Bxd5 24. e7+ Kb8 25. Be3 Qb5 26. Nc4 Bc3 27. Bd4 Rhg8
28. Bxc3 bxc3 29. Qd4 Bb7 30. Qxc3 Rxe7 31. Na5 Re5 32. b4 g5 33. h5 g4 34. Rfe1
g3 35. Nxb7 gxf2+ 36. Kxf2 Qxb7 37. Qf3 Reg5 38. Qxb7+ Kxb7 39. g4 Rxg4 40. Re6
Rh4 41. Rxh6 Rg5 42. Rh7 Rhxh5 43. Rd7 Kc8 44. Re7 Re5 45. Rg7 Rhf5+ 0-1

[Event "FIDE Candidates 2024"]
[Site "Toronto CAN"]
[Date "2024.04.07"]
[Round "4.2"]
[White "Nepomniachtchi, Ian"]
[Black "Vidit, Santosh Gujrathi"]
[Result "1-0"]
[WhiteTitle "GM"]
[BlackTitle "GM"]
[WhiteElo "2758"]
[BlackElo "2727"]
[WhiteFideId "4168119"]
[BlackFideId "5029465"]
[EventDate "2024.04.04"]

1. e4 e5 2. Nf3 Nc6 3. Bb5 Nf6 4. O-O Nxe4 5. d4 Nd6 6. Bxc6 dxc6 7. dxe5 Nf5 8.
Qxd8+ Kxd8 9. Nc3 Bd7 10. h3 h6 11. g4 Ne7 12. Nh2 g5 13. f4 gxf4 14. Bxf4 Be6
15. Ne4 b6 16. Nf3 c5 17. Nf6 Kc8 18. Kg2 Kb7 19. Kg3 a5 20. a3 a4 21. Rad1 Nc6
22. c3 Be7 23. Nh4 h5 24. g5 Ra5 25. Rde1 Rb5 26. Bc1 Rb3 27. g6 fxg6 28. Nxg6
Rd8 29. Nxe7 Nxe7 30. Nxh5 Rd3+ 31. Rf3 Rxf3+ 32. Kxf3 Bxh3 33. e6 b5 34. Bg5
Nd5 35. e7 Bd7 36. Rd1 Kc6 37. Ke4 Be8 38. Rxd5 Bxh5 39. Bc1 Bg6+ 40. Ke5 b4 41.
Kf6 Be8 42. Rd8 bxa3 43. bxa3 Bd7 44. Kf7 1-0

[Event "FIDE Candidates 2024"]
[Site "Toronto CAN"]
[Date "2024.04.07"]
[Round "4.3"]
[White "Caruana, Fabiano"]
[Black "Gukesh, D"]
[Result "1/2-1/2"]
[WhiteTitle "GM"]
[BlackTitle "GM"]
[WhiteElo "2803"]
[BlackElo "2743"]
[WhiteFideId "2020009"]
[BlackFideId "46616543"]
[EventDate "2024.04.04"]

1. e4 e5 2. Nf3 Nc6 3. Bc4 Bc5 4. O-O Nf6 5. d3 d6 6. c3 a6 7. a4 Ba7 8. h3 O-O
9. Nbd2 Re8 10. b4 Be6 11. Bxe6 Rxe6 12. Qc2 Re8 13. Re1 h6 14. Nf1 d5 15. Ng3
b5 16. Nf5 dxe4 17. dxe4 Ne7 18. Nxe5 Nxf5 19. exf5 c5 20. Bf4 bxa4 21. Nc6 Qd7
22. Rxe8+ Rxe8 23. Nxa7 cxb4 24. cxb4 Qd4 25. Qc1 Qxa7 26. Rxa4 Qb7 27. Qd2 Nd5
28. Bg3 f6 29. Bd6 Qc6 30. Ra5 Qxd6 31. Rxd5 Re1+ 32. Qxe1 Qxd5 33. g4 Kh7 34.
Qc3 Qe4 35. Kh2 Qf4+ 36. Kg2 Kg8 37. f3 Kh7 38. Qe1 h5 39. Qe4 Qd2+ 40. Kg3 Qc1
41. Qe2 hxg4 42. hxg4 Qg1+ 43. Kf4 Qc1+ 44. Ke4 Qb1+ 45. Ke3 Qxb4 46. Qxa6 Qc5+
47. Ke2 Qc2+ 48. Kf1 Qd1+ 49. Kf2 Qd4+ 50. Kg2 Qd2+ 51. Kh3 Qd1 52. Kg2 Qd2+ 53.
Kf1 Qd1+ 54. Kf2 Qd4+ 55. Ke1 Qc3+ 56. Ke2 Qc2+ 57. Ke3 Qc1+ 58. Kf2 Qc5+ 59.
Kg2 Qc2+ 60. Kg3 Qc7+ 61. Kh3 Qc1 62. Qe2 Qh1+ 63. Kg3 Qg1+ 64. Qg2 Qe1+ 65. Qf2
Qe5+ 66. f4 Qc3+ 67. Qf3 Qe1+ 68. Kg2 Qd2+ 69. Kh3 Qc1 70. Qf2 Qh1+ 71. Kg3 Qc1
72. Kh2 Kg8 73. Qg3 Kh7 74. Qf2 1/2-1/2

[Event "FIDE Candidates 2024"]
[Site "Toronto CAN"]
[Date "2024.04.07"]
[Round "4.4"]
[White "Abasov, Nijat"]
[Black "Firouzja, Alireza"]
[Result "1/2-1/2"]
[WhiteTitle "GM"]
[BlackTitle "GM"]
[WhiteElo "2632"]
[BlackElo "2760"]
[WhiteFideId "13402960"]
[BlackFideId "12573981"]
[EventDate "2024.04.04"]

1. d4 Nf6 2. c4 e6 3. Nc3 Bb4 4. Qc2 d6 5. e3 O-O 6. Bd3 c5 7. dxc5 Bxc5 8. Nf3
d5 9. O-O dxc4 10. Bxc4 Nbd7 11. b3 a6 12. Bd3 b5 13. Ne4 Bb7 14. Nxc5 Nxc5 15.
Bxb5 Nxb3 16. Qxb3 axb5 17. Rd1 Qc7 18. Bb2 Qc5 19. Bxf6 gxf6 20. Rac1 Qf5 21.
Nd4 Qg5 22. Nc6 Ra6 23. h4 Qxh4 24. Qxb5 Rxa2 25. g3 Bxc6 26. Qxc6 Qh5 27. Kg2
Rb8 28. Qf3 Qg6 29. Ra1 Rxa1 30. Rxa1 Kg7 31. Ra4 Rb5 32. Rf4 h5 33. e4 Rg5 34.
Kh3 e5 35. Rf5 Rxf5 36. Qxf5 Kh6 37. Qf3 Qg5 38. Qd1 Kg7 39. Qf3 Kg6 40. Qd1 f5
41. Qd6+ Qf6 42. exf5+ Kxf5 43. Qd3+ Kg5 44. Qe3+ Kg6 45. Kg2 Qc6+ 46. Kh2 Qd5
47. Qb6+ f6 48. Qb8 Qe6 49. Qa8 f5 50. Qd8 Qf6 51. Qe8+ Kh6 52. Kg2 f4 53. gxf4
Qxf4 54. Qh8+ Kg5 55. Qd8+ Kg4 56. Qd7+ Kh4 57. Qh3+ Kg5 58. Qb3 e4 59. Qc3 Qg4+
60. Kh2 Kh4 61. Qf6+ Qg5 62. Qd6 Kg4 63. Qd1+ Kf4 64. Qd2+ 1/2-1/2

[Event "FIDE Candidates 2024"]
[Site "Toronto CAN"]
[Date "2024.04.09"]
[Round "5.1"]
[White "Praggnanandhaa, R"]
[Black "Nepomniachtchi, Ian"]
[Result "1/2-1/2"]
[WhiteTitle "GM"]
[BlackTitle "GM"]
[WhiteElo "2747"]
[BlackElo "2758"]
[WhiteFideId "25059530"]
[BlackFideId "4168119"]
[EventDate "2024.04.04"]

1. e4 e5 2. Nf3 Nf6 3. Nxe5 d6 4. Nf3 Nxe4 5. d4 d5 6. Bd3 Bd6 7. O-O O-O 8. c4
c6 9. Nc3 Nxc3 10. bxc3 dxc4 11. Bxc4 Bf5 12. Bg5 Qa5 13. Nh4 Be6 14. Bxe6 Qxg5
15. Nf3 Qa5 16. Bh3 Qxc3 17. Rb1 b6 18. Rb3 Qa5 19. d5 cxd5 20. Ng5 h6 21. Nxf7
Kxf7 22. Rd3 Nd7 23. Rxd5 Nc5 24. Rxd6 Kg8 25. Qd5+ Kh8 26. Bf5 Nb7 27. Qxa5
Nxa5 28. g4 Nc4 29. Rd5 Rae8 30. h3 Ne5 31. Kg2 g6 32. Bc2 g5 33. Bf5 Re7 34.
Rd6 Kg7 35. Re1 Rf6 36. Rd5 Ng6 37. Rxe7+ Nxe7 38. Rd7 Kf8 39. Be4 a5 40. Kg3
Ng6 41. Bxg6 Rxg6 42. h4 Rc6 43. hxg5 hxg5 44. Rb7 a4 1/2-1/2

[Event "FIDE Candidates 2024"]
[Site "Toronto CAN"]
[Date "2024.04.09"]
[Round "5.2"]
[White "Firouzja, Alireza"]
[Black "Nakamura, Hikaru"]
[Result "0-1"]
[WhiteTitle "GM"]
[BlackTitle "GM"]
[WhiteElo "2760"]
[BlackElo "2789"]
[WhiteFideId "12573981"]
[BlackFideId "2016192"]
[EventDate "2024.04.04"]

1. e4 e5 2. Nf3 Nc6 3. Bc4 Nf6 4. d3 Bc5 5. c3 h6 6. b4 Be7 7. Qb3 O-O 8. a4 d6
9. Nbd2 Nb8 10. d4 exd4 11. cxd4 a5 12. e5 Nh5 13. b5 Nf4 14. g3 d5 15. Bf1 Ne6
16. Bg2 c6 17. O-O Nd7 18. Bb2 Nb6 19. bxc6 bxc6 20. Bc3 c5 21. Rfb1 Ra6 22.
dxc5 Bxc5 23. Qb5 Qc7 24. Rc1 Qa7 25. Qe2 Bd7 26. Bf1 Nc4 27. Nb3 Bb6 28. Rd1
Qa8 29. Bg2 Nc5 30. Nxc5 Bxc5 31. Nh4 Nb6 32. Bd4 Bxd4 33. Rxd4 Ra7 34. h3 Rc7
35. g4 Qc8 36. Qd2 Rc5 37. Qf4 Re8 38. Nf5 Bxf5 39. gxf5 Qc7 40. Re1 Nd7 41. e6
Qxf4 42. Rxf4 Nf6 43. Rd4 Kf8 44. Rd2 fxe6 45. fxe6 Ke7 46. Rb2 Rec8 47. Bf1 Ne4
48. Bd3 Nc3 49. f4 d4 50. Rg2 g5 51. f5 Nd5 52. Re4 Nb4 53. f6+ Kxf6 54. Rf2+
Rf5 55. Rxf5+ Kxf5 56. e7 Nxd3 57. e8=Q Rxe8 58. Rxe8 Nf4 59. Kf1 d3 60. Kf2
Nxh3+ 61. Ke3 g4 62. Kxd3 g3 63. Rf8+ Ke6 0-1

[Event "FIDE Candidates 2024"]
[Site "Toronto CAN"]
[Date "2024.04.09"]
[Round "5.3"]
[White "Gukesh, D"]
[Black "Abasov, Nijat"]
[Result "1-0"]
[WhiteTitle "GM"]
[BlackTitle "GM"]
[WhiteElo "2743"]
[BlackElo "2632"]
[WhiteFideId "46616543"]
[BlackFideId "13402960"]
[EventDate "2024.04.04"]

1. e4 e5 2. Nf3 Nf6 3. d4 Nxe4 4. Bd3 d5 5. dxe5 Nc5 6. Be2 Be7 7. O-O O-O 8.
Re1 c6 9. Nbd2 Nbd7 10. h3 a5 11. Nb3 f6 12. exf6 Nxf6 13. Be3 Nce4 14. Nbd2 a4
15. Nxe4 Nxe4 16. a3 Bc5 17. Bd3 Bxe3 18. Rxe3 Qf6 19. c3 Bf5 20. Qe2 Nd6 21.
Bxf5 Nxf5 22. Re6 Qf7 23. Re1 h6 24. Qc2 Qd7 25. c4 d4 26. c5 Qf7 27. R6e4 Qd5
28. Re5 Qf7 29. R5e4 Qd5 30. Re5 Qf7 31. R1e4 Rad8 32. Rf4 d3 33. Qxa4 Qa2 34.
Kh2 g6 35. Qb4 Qf7 36. Re1 Rfe8 37. Rfe4 Rxe4 38. Rxe4 Rd5 39. Nd2 Ng7 40. Kg1
Ne6 41. Re3 Nxc5 42. Qc4 Ne6 43. Rxd3 b5 44. Qc3 Nf4 45. Re3 Rg5 46. Ne4 Rxg2+
47. Kh1 Nd5 48. Nf6+ Nxf6 49. Kxg2 Nd5 50. Qxc6 Nxe3+ 51. fxe3 Qf5 52. b3 h5 53.
a4 bxa4 54. bxa4 Qg5+ 55. Kf2 Qf5+ 56. Kg2 Qg5+ 57. Kf2 Qf5+ 58. Ke2 g5 59. e4
Qxh3 60. Qg6+ Kh8 61. Qh6+ Kg8 62. Qxg5+ Kh8 63. Qh6+ Kg8 64. Qg5+ Kh8 65. a5 h4
66. Qh6+ Kg8 67. Qg6+ Kh8 68. a6 Qh2+ 69. Ke3 Qh3+ 70. Ke2 Qh2+ 71. Kd3 Qh3+ 72.
Kc4 Qc8+ 73. Kd5 Qd8+ 74. Qd6 Qa5+ 75. Ke6 h3 76. Kf7 Qa2+ 77. Qe6 Qxe6+ 78.
Kxe6 h2 79. a7 h1=Q 80. a8=Q+ Kg7 81. Qa7+ Kh6 82. Qe3+ Kh5 83. Kf5 Qf1+ 84. Qf4
Qb5+ 85. Qe5 Qd7+ 86. Kf6+ Kh4 87. Qg5+ 1-0

[Event "FIDE Candidates 2024"]
[Site "Toronto CAN"]
[Date "2024.04.09"]
[Round "5.4"]
[White "Vidit, Santosh Gujrathi"]
[Black "Caruana, Fabiano"]
[Result "1/2-1/2"]
[WhiteTitle "GM"]
[BlackTitle "GM"]
[WhiteElo "2727"]
[BlackElo "2803"]
[WhiteFideId "5029465"]
[BlackFideId "2020009"]
[EventDate "2024.04.04"]

1. e4 c5 2. Nf3 Nc6 3. Bb5 Nf6 4. Bxc6 dxc6 5. d3 Bg4 6. h3 Bh5 7. Bf4 c4 8. Nc3
cxd3 9. cxd3 e6 10. g4 Bg6 11. Qb3 Qb6 12. Be3 Qc7 13. O-O-O Nd7 14. Nh4 Bd6 15.
Kb1 a5 16. Nxg6 hxg6 17. d4 a4 18. Nxa4 b5 19. Nc5 Nxc5 20. dxc5 Be7 21. h4 Ra4
22. Bd4 e5 23. Qg3 Qa7 24. Qxe5 Rxa2 25. Qxg7 Rf8 26. Qe5 Qa4 27. Qb8+ Bd8 28.
Qe5+ Be7 29. Qb8+ Bd8 30. Qe5+ Be7 1/2-1/2

[Event "FIDE Candidates 2024"]
[Site "Toronto CAN"]
[Date "2024.04.10"]
[Round "6.1"]
[White "Nepomniachtchi, Ian"]
[Black "Caruana, Fabiano"]
[Result "1/2-1/2"]
[WhiteTitle "GM"]
[BlackTitle "GM"]
[WhiteElo "2758"]
[BlackElo "2803"]
[WhiteFideId "4168119"]
[BlackFideId "2020009"]
[EventDate "2024.04.04"]

1. e4 e5 2. Nf3 Nc6 3. Nc3 Nf6 4. d4 exd4 5. Nxd4 Bb4 6. Nxc6 bxc6 7. Bd3 d5 8.
exd5 O-O 9. O-O Bg4 10. f3 Bh5 11. Bg5 cxd5 12. Bxf6 Qxf6 13. Nxd5 Qxb2 14. Rb1
Bc5+ 15. Kh1 Qe5 16. Re1 Qd6 17. Ne7+ Kh8 18. Qe2 Bg6 19. Nxg6+ hxg6 20. Qe5
Rab8 21. Qxd6 Bxd6 22. g3 g5 23. Rxb8 Rxb8 24. Re4 a5 25. Rg4 Be7 26. Rd4 Rd8
27. Re4 Bd6 28. Ra4 Ra8 29. Rg4 Be7 30. Rd4 Rd8 31. Ra4 Ra8 32. Be4 Ra7 33. Rd4
c5 34. Rd1 a4 35. Rb1 g6 36. a3 c4 37. Rb7 Rxb7 38. Bxb7 Bxa3 39. Bc6 c3 40. Kg2
Kg7 41. Bxa4 1/2-1/2

[Event "FIDE Candidates 2024"]
[Site "Toronto CAN"]
[Date "2024.04.10"]
[Round "6.3"]
[White "Vidit, Santosh Gujrathi"]
[Black "Firouzja, Alireza"]
[Result "1-0"]
[WhiteTitle "GM"]
[BlackTitle "GM"]
[WhiteElo "2727"]
[BlackElo "2760"]
[WhiteFideId "5029465"]
[BlackFideId "12573981"]
[EventDate "2024.04.04"]

1. e4 c5 2. Nf3 d6 3. d4 cxd4 4. Nxd4 Nf6 5. Nc3 Nc6 6. Bc4 Qb6 7. Nb3 e6 8. Bf4
Qd8 9. Qd2 a6 10. a3 b5 11. Be2 Bb7 12. O-O-O Qb6 13. g4 Qxf2 14. e5 Nd7 15.
exd6 Qb6 16. Be3 Qd8 17. Rhf1 Nce5 18. Qd4 Rc8 19. Qa7 Bc6 20. Qxa6 Ra8 21. Ba7
g6 22. Bxb5 Bh6+ 23. Kb1 Bxb5 24. Nxb5 O-O 25. Nc7 Nxg4 26. Nxa8 Qxa8 27. Qe2
Qxa7 28. Qxg4 Bg7 29. Qc4 Qb7 30. Qc7 Qb5 31. Rf4 Qe2 32. Rd2 Qe5 33. Rfd4 Nf6
34. Qc5 Nd5 35. Ka2 Qf6 36. c3 Bh6 37. Rxd5 exd5 38. Rxd5 Bf4 39. d7 Rd8 40. Nd4 1-0

[Event "FIDE Candidates 2024"]
[Site "Toronto CAN"]
[Date "2024.04.10"]
[Round "6.4"]
[White "Praggnanandhaa, R"]
[Black "Abasov, Nijat"]
[Result "1-0"]
[WhiteTitle "GM"]
[BlackTitle "GM"]
[WhiteElo "2747"]
[BlackElo "2632"]
[WhiteFideId "25059530"]
[BlackFideId "13402960"]
[EventDate "2024.04.04"]

1. d4 d5 2. Nf3 Nf6 3. c4 e6 4. Nc3 c5 5. e3 Nc6 6. a3 a6 7. b3 cxd4 8. exd4 Be7
9. c5 b6 10. cxb6 Qxb6 11. b4 Ne4 12. Na4 Qb8 13. Be2 O-O 14. O-O Bf6 15. Be3
Ne7 16. Nc5 Nc3 17. Qd2 Nxe2+ 18. Qxe2 Nf5 19. Rab1 e5 20. dxe5 Bxe5 21. Rfd1 d4
22. Bg5 Bd6 23. g4 h6 24. Qe4 hxg5 25. gxf5 Ra7 26. Rxd4 g4 27. Ng5 Bxh2+ 28.
Kg2 Qe5 29. Rd5 Qxe4+ 30. Ngxe4 Bb8 31. f6 Bf4 32. Rbd1 Rc7 33. R1d4 Rc6 34. Nd6
g5 35. Nxc8 Rfxc8 36. Rd8+ Rxd8 37. Rxd8+ Kh7 38. Ra8 Rxf6 39. Rxa6 Rf5 40. Nd7
Kg7 41. Ra5 Kg6 42. a4 g3 43. Rxf5 Kxf5 44. a5 gxf2 45. a6 1-0

[Event "FIDE Candidates 2024"]
[Site "Toronto CAN"]
[Date "2024.04.11"]
[Round "7.2"]
[White "Nakamura, Hikaru"]
[Black "Nepomniachtchi, Ian"]
[Result "1/2-1/2"]
[WhiteTitle "GM"]
[BlackTitle "GM"]
[WhiteElo "2789"]
[BlackElo "2758"]
[WhiteFideId "2016192"]
[BlackFideId "4168119"]
[EventDate "2024.04.04"]

1. e4 e5 2. Nf3 Nf6 3. Nxe5 d6 4. Nf3 Nxe4 5. d4 d5 6. Bd3 Bd6 7. O-O O-O 8. c4
c6 9. Re1 Bf5 10. Qb3 Qd7 11. c5 Bc7 12. g3 a5 13. Nbd2 Be6 14. Qxb7 Nxf2 15.
Bxh7+ Kxh7 16. Qxa8 Nh3+ 17. Kg2 Bg4 18. Qb7 Re8 19. Qb3 Rxe1 20. Nxe1 Qe6 21.
Qd3+ Bf5 22. Qf1 Nd7 23. Nef3 Nf6 24. Ng1 Kg8 25. Qe2 Ne4 26. a4 Bxg3 27. hxg3
Nf4+ 28. gxf4 Qg6+ 29. Kf1 Ng3+ 30. Ke1 Nxe2 31. Nxe2 Bg4 32. Ra3 Bxe2 33. Kxe2
Qg1 34. Nb3 Qg2+ 35. Kd1 Qf3+ 36. Kc2 Qe4+ 37. Kc3 Qf3+ 38. Kc2 Qe4+ 39. Kc3
Qf3+ 40. Kc2 Qe4+ 1/2-1/2

[Event "FIDE Candidates 2024"]
[Site "Toronto CAN"]
[Date "2024.04.11"]
[Round "7.3"]
[White "Caruana, Fabiano"]
[Black "Praggnanandhaa, R"]
[Result "1/2-1/2"]
[WhiteTitle "GM"]
[BlackTitle "GM"]
[WhiteElo "2803"]
[BlackElo "2747"]
[WhiteFideId "2020009"]
[BlackFideId "25059530"]
[EventDate "2024.04.04"]

1. e4 e6 2. d4 d5 3. e5 c5 4. c3 Nc6 5. Nf3 Qb6 6. a3 Bd7 7. b4 cxd4 8. cxd4 Rc8
9. Bb2 Nge7 10. Nc3 Na5 11. Na4 Qc6 12. Nc5 Nc4 13. Bc3 b6 14. Nxd7 Qxd7 15. Bd3
g6 16. Qe2 h5 17. Bd2 Nxd2 18. Nxd2 Bh6 19. Bb5 Nc6 20. Nf3 O-O 21. O-O Qe7 22.
Ba6 Rc7 23. Rfd1 Nb8 24. Bd3 a5 25. bxa5 bxa5 26. Qe1 Nc6 27. Rdb1 Ra8 28. Bb5
Qd8 29. g3 Ne7 30. Kg2 Qc8 31. Qd1 Rc3 32. Rb3 Qc7 33. Rab1 Rb8 34. a4 Rc2 35.
R3b2 Rc3 36. Ng1 Rc1 37. Rxc1 Qxc1 38. Qxc1 Bxc1 39. Rb1 Bd2 40. Nf3 Bb4 41. Rc1
Rc8 1/2-1/2